| 000 | 00895cam a22002291i 4500 | ||
|---|---|---|---|
| 003 | SA-RiAUC | ||
| 005 | 20260420121503.0 | ||
| 008 | 260419s1989 jo g 000 0 ara c | ||
| 040 |
_aSA-JeALM _bara _cSA-RiAUC _erda |
||
| 082 | 0 | 4 | _a252.2 |
| 090 |
_a252.2 _bر ا و |
||
| 100 | 1 |
_aراوه المكي، عبدالفتاح حسين _eمؤلف. |
|
| 245 | 1 | 0 |
_aرسالة الصلاة / _bالمسماة صلوا كما رأيتموني أصلي _cتأليف عبدالفتاح حسين راوه المكي. |
| 246 | _aصلوا كما رأيتموني أصلي | ||
| 264 | 1 |
_aمكة المكرمة : _bمطابع الصفا، _c1989 |
|
| 300 |
_a38 صفحة. _c16 سم. |
||
| 336 |
_aنص _btxt _2rdacontent _3كتاب |
||
| 337 |
_aبدون وسيط _bn _2rdamedia |
||
| 650 | 7 |
_aالصلاة (فقه إسلامي) _2aucsh |
|
| 942 |
_2ddc _cBOOK _n0 |
||
| 949 |
_aSA-JeALM _d260419 _uosman123 _n1 |
||
| 999 |
_c14850 _d14850 |
||